Bibliography of soil science and fertilizers with preference to India. (Record no. 19560)

MARC details
000 -LEADER
fixed length control field 00447nam a2200133Ia 4500
082 ## - DEWEY DECIMAL CLASSIFICATION NUMBER
Classification number 631.4+631.8(540):016
Item number GUH
245 #0 - TITLE STATEMENT
Title Bibliography of soil science and fertilizers with preference to India.
260 ## - PUBLICATION, DISTRIBUTION, ETC. (IMPRINT)
Place of publication Delhi
Name of publisher Manager of Publications
Year of publication 1954
490 ## - SERIES STATEMENT
Series statement Indian council of agricultural research, bulletin; no. 74
650 ## - SUBJECT ADDED ENTRY--TOPICAL TERM
Topical Term Soil Bibliography
700 ## - ADDED ENTRY--PERSONAL NAME
Personal name GUHA ROY, K K
942 ## - ADDED ENTRY ELEMENTS (KOHA)
Koha item type Books
Holdings
Withdrawn status Lost status Damaged status Not for loan Home library Current library Date acquired Full call number Accession Number Koha item type
        RRII Library RRII Library 16/12/2021 631.4+631.8(540):016 GUH 00294 Books